[Event "11th Aeroflot Open B"]
[Site "Moscow RUS"]
[Date "2012.02.11"]
[Round "5"]
[White "Zhang Xiaowen"]
[Black "Stukopin,A"]
[Result "0-1"]
[WhiteElo "2348"]
[BlackElo "2460"]

1.e4 c5 2.Nf3 e6 3.d4 cxd4 4.Nxd4 Nc6 5.Nc3 Qc7 6.Be3 a6 7.Be2 Nf6 8.O-O b5
9.a3 Bb7 10.f4 Bc5 11.e5 Qb6 12.Bf3 Bxd4 13.Bxd4 Nxd4 14.Bxb7 Nf5+ 15.Rf2 Qxb7
16.exf6 gxf6 17.Qd3 d5 18.Ne2 Qb6 19.Ng3 Ne3 20.Qe2 f5 21.h3 Rg8 22.Kh2 Kf8
23.Rf3 Nc4 24.Nh5 Rg6 25.b3 Nd6 26.Qe5 Ke7 27.Rd1 Rag8 28.Ng3 h5 29.h4 f6
30.Qe1 Ne4 31.Rdd3 Qc7 32.Qc1 Kf8 33.Kh3 Qg7 34.Qg1 Rg4 35.Nxf5 exf5 36.g3 Rxh4+  0-1

[Event "TCh-NED Meesterklasse 2011-12"]
[Site "Netherlands NED"]
[Date "2012.02.11"]
[Round "6.5"]
[White "Rijnaarts,S"]
[Black "De Groote,E"]
[Result "1/2-1/2"]
[WhiteElo "2302"]
[BlackElo "2297"]

1.e4 c5 2.Nf3 e6 3.d4 cxd4 4.Nxd4 Nc6 5.Nc3 Qc7 6.Be3 a6 7.Qd2 Nf6 8.O-O-O Be7
9.f3 h5 10.Kb1 d6 11.Qf2 b5 12.Nxc6 Qxc6 13.Bd3 b4 14.Ne2 e5 15.c4 Be6 16.Rc1 Nd7
17.Ng3 Nc5 18.Bxc5 Qxc5 19.Qxc5 dxc5 20.Nf5 g6 21.Ng7+ Kf8 22.Nxe6+ fxe6
23.Kc2 a5 24.a4 Bg5 25.Rcd1 Be3 26.b3 Ke7 27.Be2 Raf8 28.Rd3 Bd4 29.Rdd1 Rf7
30.Rhf1 Kf8 31.Rh1 Kg7 32.Rd3 Rhf8 33.Rdd1 Kh6 34.Rdf1 Rd8 35.Rd1 Rfd7 36.Rd3 Bc3
37.Rxd7 Rxd7 38.Rd1 Bd4 39.Kd2 Kg5 40.Ke1 h4 41.Kf1 Kf4 42.Rd3 Rf7 43.Rd1 g5
44.Rd3 Rf8 45.Bd1 g4 46.Be2 g3 47.h3  1/2-1/2

[Event "TCh-FIN SM-Liiga 2011-12"]
[Site "Tampere FIN"]
[Date "2012.02.11"]
[Round "8.1"]
[White "Solozhenkin,E"]
[Black "Volodin,Alek"]
[Result "0-1"]
[WhiteElo "2489"]
[BlackElo "2498"]

1.e4 c5 2.Nf3 e6 3.d4 cxd4 4.Nxd4 Nc6 5.Nc3 Qc7 6.Be3 Nf6 7.Bd3 Nxd4 8.Bxd4 Bc5
9.Bxc5 Qxc5 10.Qe2 d6 11.Bb5+ Ke7 12.f4 a6 13.Bd3 e5 14.fxe5 dxe5 15.h3 Be6
16.g4 h6 17.O-O-O Rad8 18.Rhg1 b5 19.g5 hxg5 20.Rxg5 g6 21.Rh1 Rxh3 22.Rxh3 Bxh3
23.a3 Bf1 24.Qf3 Bxd3 25.cxd3 Rd6 26.Qg3 Re6 27.Kb1 a5 28.Qh4 Kd7 29.Qh1 Qe3
30.Rg1 b4 31.Nd5 Nxd5 32.exd5 Qxd3+ 33.Ka1 Rf6 34.Rd1 Qb3 35.axb4 axb4 36.d6 e4
37.Qg1 Rf2  0-1

[Event "TCh-BEL 2011-12"]
[Site "Belgium BEL"]
[Date "2012.02.12"]
[Round "8.3"]
[White "Bezemer,A"]
[Black "De Haan,E"]
[Result "1-0"]
[WhiteElo "2351"]
[BlackElo "2323"]

1.e4 c5 2.Nf3 e6 3.d4 cxd4 4.Nxd4 Nc6 5.Nc3 Qc7 6.Be3 a6 7.Qd2 Nf6 8.O-O-O Bb4
9.f3 Ne5 10.Nb3 b5 11.Kb1 Rb8 12.Bd4 Nc4 13.Qg5 Be7 14.e5 Ne4 15.Qxg7 Nxc3+
16.Bxc3 Rf8 17.Bxc4 bxc4 18.Nd2 Bb7 19.Rhe1 Bd5 20.Ne4 Qb6 21.Nf6+ Kd8 22.Nxd5 exd5
23.Rxd5 Kc8 24.Ka1 h5 25.Red1 Rb7 26.Rd6 Qf2 27.Rxa6 Rb8 28.Kb1 Qe3 29.Ka1 Qe2
30.Rad6 Qxc2 31.Rxd7 Ba3 32.e6 fxe6 33.bxa3  1-0

[Event "Bronshoj Lang Weekend 2012"]
[Site "Copenhagen DEN"]
[Date "2012.02.12"]
[Round "5"]
[White "Reinecker,K"]
[Black "Jacobsen,Mad"]
[Result "0-1"]
[WhiteElo "2279"]
[BlackElo "1949"]

1.e4 c5 2.Nc3 e6 3.Nf3 Nc6 4.d4 cxd4 5.Nxd4 Qc7 6.Ndb5 Qb8 7.Be3 a6 8.Nd4 Qc7
9.Be2 Nf6 10.O-O Bb4 11.f3 d5 12.exd5 exd5 13.Nxc6 bxc6 14.Qd4 Bd6 15.Qh4 Rb8
16.Bd3 Rb4 17.f4 Be7 18.a3 Rb8 19.Bd4 h6 20.Kh1 Ng4 21.Rae1 Kd8 22.Qg3 h5
23.Bxg7 h4 24.Qf3 Rg8 25.Be5 Nxe5 26.fxe5 Be6 27.Bf5 Rg5 28.Qd3 Rxb2 29.h3 a5
30.Na4 Ra2 31.Bxe6 fxe6 32.Qa6 Rxc2 33.Nb6 Ke8 34.Re2 Rxe2 35.Qa8+ Bd8  0-1

[Event "TCh-CZE Liga 1 Zapad"]
[Site "Czech Rep CZE"]
[Date "2012.02.12"]
[Round "8.2"]
[White "Rasik,V"]
[Black "Vedral,O"]
[Result "1-0"]
[WhiteElo "2473"]
[BlackElo "2296"]

1.e4 c5 2.Nf3 e6 3.d4 cxd4 4.Nxd4 Nc6 5.Nc3 Qc7 6.Be3 a6 7.Qd2 Nf6 8.O-O-O Bb4
9.f3 Ne5 10.Nb3 b5 11.Qd4 Nc6 12.Qb6 Qxb6 13.Bxb6 Rb8 14.Bc7 Rb7 15.Bg3 Nh5
16.Bf2 d6 17.Ne2 Rd7 18.a3 Ba5 19.g4 Nf6 20.g5 Nh5 21.Nxa5 Nxa5 22.Ng3 Nxg3
23.hxg3 Ke7 24.Bd4 e5 25.Bc3 Nc6 26.Rd2 Nd8 27.f4 Ne6 28.Bh3 f6 29.gxf6+ gxf6
30.Bf5 Rc7 31.Rh6 Nc5 32.fxe5 dxe5 33.Bb4 Kf7 34.Bxc5 Rxc5 35.Rd6 Kg7 36.Rhxf6 a5
37.Rc6 Bxf5 38.exf5 Rd5 39.Rfd6 Rxd6 40.Rxd6 Rg8 41.Re6 Kf7 42.Rxe5 Rxg3
43.Rxb5 h5 44.Rxa5 Kf6 45.Ra6+ Kxf5 46.Rh6 Kg5 47.Rh8 h4 48.b4 Rxa3 49.Kb2 Rf3
50.b5 h3 51.c4 Rf4 52.Rxh3 Rxc4 53.Kb3 Rf4 54.Rc3 Kf6 55.b6 Rf1 56.Kb4 Ke6
57.b7  1-0

[Event "TCh-FIN SM-Liiga 2011-12"]
[Site "Oulu FIN"]
[Date "2012.02.12"]
[Round "9.2"]
[White "Kauppila,O"]
[Black "Agopov,M"]
[Result "0-1"]
[WhiteElo "2293"]
[BlackElo "2445"]

1.e4 c5 2.Nf3 e6 3.d4 cxd4 4.Nxd4 Nc6 5.Nc3 Qc7 6.Be3 a6 7.Qd2 Nf6 8.O-O-O Be7
9.f3 O-O 10.g4 Rd8 11.g5 Nh5 12.Nb3 d5 13.exd5 Nb4 14.Qf2 Nxd5 15.Nxd5 Rxd5
16.Rxd5 exd5 17.Bd3 Bd6 18.Kb1 Nf4 19.Bxf4 Bxf4 20.Re1 Bd7 21.Qh4 g6 22.Re7 Be5
23.f4 Bg7 24.f5 Re8 25.Qe1 Rxe7 26.Qxe7 Bf8 27.Qe2 Qf4 28.fxg6 hxg6 29.Qg2 Bc6
30.Qg1 Be7 31.Na5 Bb5 32.Bxb5 axb5 33.Nxb7 Qc7 34.Qa7 Bxg5 35.h3 b4 36.Qa6 Qf4
37.a3 bxa3 38.Qxa3 Qc1+ 39.Ka2 Qxc2 40.Nd6 Qc6 41.Qb4 Be7 42.Qb8+ Kg7 43.Nb5 d4  0-1

[Event "TCh-FIN SM-Liiga 2011-12"]
[Site "Oulu FIN"]
[Date "2012.02.12"]
[Round "9.1"]
[White "Yemelin,V"]
[Black "Kiuttu,R"]
[Result "1-0"]
[WhiteElo "2568"]
[BlackElo "2303"]

1.e4 c5 2.Nf3 e6 3.d4 cxd4 4.Nxd4 Nc6 5.Nc3 Qc7 6.Be3 a6 7.Qd2 Nf6 8.O-O-O Bb4
9.f3 Ne5 10.Nb3 b5 11.Qe1 Rb8 12.Qg3 O-O 13.Bd4 Bd6 14.f4 Nh5 15.fxe5 Nxg3
16.exd6 Qxd6 17.hxg3 Qxg3 18.Rh3 Qg5+ 19.Be3 Qd8 20.e5 f5 21.exf6 Qxf6 22.Bd3 h6
23.g4 Bb7 24.Nc5 Bc6 25.g5 Qe5 26.gxh6 Rf3 27.Rxf3 Bxf3 28.Re1 Bc6 29.Nxa6 Ra8
30.Nb4 gxh6 31.Rg1+ Kf7 32.Bxh6 Rg8 33.Rf1+ Ke7 34.Nxc6+ dxc6 35.Bf4 Qd4
36.Ne2 Qd5 37.Nc3 Qd4 38.Ne2 Qd5 39.a3 Rg4 40.Bd2 Qg2 41.Nf4 Qxf1+ 42.Bxf1 Rg1
43.Bb4+ Kf6 44.Nh5+ Ke5 45.Ng3 Rxg3 46.Kd2 Kd4 47.Ba5 e5 48.Bb6+ Kd5 49.b3 Rg4
50.Be2 Rf4 51.Be3 Rh4 52.Bf3+ Kd6 53.Kd3 c5 54.Kd2 c4 55.bxc4 Rxc4 56.Kd3 Ra4
57.Bc1 Kc5 58.Kc3 Rh4 59.Be3+ Kd6 60.Be2 Rh3 61.Kd2 Kc6 62.Bf1 Rg3 63.Bd3 Rh3
64.Be4+ Kd6 65.Kd3 Rh4 66.Bd2 Rh3+ 67.Be3 Rg3 68.Ke2 Rh3 69.Bd2 Rh2+ 70.Ke3 Rh3+
71.Bf3 Rh4 72.Bb4+ Kc7 73.Ba5+ Kd6 74.Be1 Rf4 75.Bb4+ Kc7 76.Ba5+ Kd6 77.Bb4+ Kc7
78.Bc3 Kd6 79.Be2 Ra4 80.Bb4+ Kc6 81.Bf3+ Kb6 82.Ke4 Ra8 83.Kxe5 Rc8 84.Be4 Rd8
85.Bd3 Kc6 86.Be4+ Kb6 87.Be7 Rd7 88.Bd6 Rd8 89.Ke6 Re8+ 90.Kd5 Rc8 91.Bf5 Rc3
92.Bb4 Rc7 93.Bd3 Rd7+ 94.Bd6 Rd8 95.Bf5 Rh8 96.Bc5+ Kb7 97.Bd3 Rd8+ 98.Bd6 Kb6
99.Bf5 Rh8 100.Bc5+ Kc7 101.Be4 Rd8+ 102.Ke5 Rd7 103.Bd5 Rh7 104.Be4 Rd7
105.Ke6 Rd8 106.Bf2 Rf8 107.Bg3+ Kb6 108.Ke7 Rc8 109.Bf2+ Kc7 110.Bd4 Rg8
111.Be5+ Kb6 112.Kd7 Rg4 113.Bd3 Ra4 114.Bc7+ Kc5 115.Bd6+ Kb6 116.Bb4 Ra8
117.Be7 Ra7+ 118.Ke6 Kc6 119.Be4+ Kb6 120.Bd5 Ra6 121.Kd7 Ra7+ 122.Ke6 Kc7
123.Bb4 Ra6+ 124.Ke7 Rh6 125.Ba5+ Kc8 126.Be6+ Kb7 127.Kd6 Rg6 128.Bc3 Kb6
129.Bd4+ Kb7 130.Kd7 Rh6 131.Bd5+ Ka6 132.c3 Rh7+ 133.Kc6 Ka5 134.Be5 Rh6+
135.Bd6 Rh3 136.Bb4+ Ka4 137.Kb6 Rh6+ 138.Bc6 Rg6 139.Kb7 Rg7+ 140.Kc8 Rg3
141.c4 Rg8+ 142.Kb7 Rg5 143.cxb5 Rxb5+ 144.Ka6 Kb3 145.Kxb5 Kb2 146.a4  1-0

[Event "Bronshoj Lang Weekend 2012"]
[Site "Copenhagen DEN"]
[Date "2012.02.13"]
[Round "7"]
[White "Petersen,Stee1"]
[Black "Willerup,M"]
[Result "1-0"]
[WhiteElo "2154"]
[BlackElo "2025"]

1.e4 c5 2.Nf3 e6 3.d4 cxd4 4.Nxd4 Nc6 5.Nc3 Nf6 6.Ndb5 Bb4 7.a3 Bxc3+ 8.Nxc3 d5
9.exd5 exd5 10.Bd3 d4 11.Qe2+ Be6 12.Ne4 Nxe4 13.Qxe4 Qd5 14.Bf4 Qxe4+ 15.Bxe4 O-O
16.O-O-O Rfd8 17.Rd3 Rd7 18.Re1 h6 19.Rg3 Kf8 20.h4 Rc8 21.Bh7 Rcd8 22.Bd2 Rd5
23.Be4 R5d7 24.Bxc6 bxc6 25.Bb4+ Kg8 26.Bc5 a6 27.Rd1 Rd5 28.Be7 R8d7 29.Bf6 g6
30.Rb3 Rb5 31.Rxb5 axb5 32.Bxd4 Rd5 33.Rd2 c5 34.Be3 Rxd2 35.Kxd2 c4 36.Bxh6 f5
37.Kc3 Kf7 38.Kd4 Bd7 39.Kd5 Ke8 40.Bg5 Kf7 41.Ke5 Bc6 42.g3 Be4 43.c3 Bc6
44.Kd6 Be8 45.Bd8 Kg7 46.Ke7 Bc6 47.Bb6 Kh7 48.Be3 Kg7 49.Bf4 Kh7 50.Kf6 Be4
51.Ke7 Bc6 52.Ke6 Kg7 53.Be3 Kg8 54.Bd4 Be8 55.f3 Bc6 56.Kf6 Kh7 57.f4 Be4
58.Ke5 Bc6 59.Kd6 Be8 60.Ke7 Bc6 61.Kd6 Be8 62.Kc5 Kg8 63.a4 bxa4 64.Kxc4 Kf7
65.Kd5 Ke7 66.c4 Kd7 67.Be5 Bf7+ 68.Kc5 Be6 69.Kb5 Bf7 70.c5 Bb3 71.c6+ Kc8
72.Kc5 Bd1 73.Kd4 Be2 74.Kd5 Bf3+ 75.Kd6 Be4 76.c7 Bf3 77.Ke7 Be2 78.Bd6 Bd1
79.Kf6 Bh5 80.Kf7 Kd7 81.Kg7 Kc8 82.Kh6 Kd7 83.Kg5 Kc8 84.g4 fxg4 85.f5  1-0

[Event "11th Aeroflot Open B"]
[Site "Moscow RUS"]
[Date "2012.02.13"]
[Round "7"]
[White "Tari,A"]
[Black "Tonoian,A"]
[Result "0-1"]
[WhiteElo "2206"]
[BlackElo "2374"]

1.e4 c5 2.Nf3 e6 3.d4 cxd4 4.Nxd4 Nc6 5.Nc3 Qc7 6.Be3 a6 7.Bd3 Nf6 8.O-O Ne5
9.h3 Bc5 10.Qe2 d6 11.f4 Ng6 12.Nb3 Bxe3+ 13.Qxe3 O-O 14.a4 Bd7 15.a5 Bc6
16.Nd4 Rfe8 17.Nxc6 Qxc6 18.Ra4 Qc7 19.Rd1 Rad8 20.Be2 e5 21.f5 Ne7 22.Rc4 Qxa5
23.b4 Qa3 24.Rb1 d5 25.exd5 Nxf5 26.Qd3 Nd4 27.Bf3 Nxf3+ 28.Qxf3 Nxd5 29.Rc5 Nxc3
30.Rxc3 Qa2 31.Rf1 e4 32.Qe3 Qd5 33.Rc5 Qe6 34.Rc7 Rd7 35.Rxd7 Qxd7 36.Kh1 h6
37.Re1 Qd5 38.Qe2 Qd4 39.b5 a5 40.Rd1 Qf6 41.Qe3 a4 42.Re1 Qg5 43.Qb6 Qd2
44.Rf1 Qd5 45.Re1 a3 46.c4 Qxc4 47.Qxb7 a2 48.Qa7 Qxb5 49.Qxa2 Qe5 50.Rf1 Qe6
51.Qe2 Qd5 52.Qe3 Re7 53.Re1 Re6 54.Qa7 f5 55.Qb8+ Kh7 56.Qf4 Qe5 57.Qd2 f4
58.Qf2 e3 59.Qf3 Qe4 60.Qxe4+ Rxe4 61.Kg1 g5 62.Ra1 Re6 63.Kf1 Kg6 64.Ke2 Kf5
65.Ra8 Rd6 66.Kf3 Rd2 67.Ra5+ Kf6 68.Ra6+ Ke5 69.Ra5+ Kd4 70.Ra4+ Kc3 71.Ra3+ Kb2
72.Ra6 Rf2+ 73.Ke4 e2 74.Rb6+ Kc2 75.Rc6+ Kd2 76.Rd6+ Ke1 77.g3 Kf1  0-1

[Event "11th Aeroflot Open B"]
[Site "Moscow RUS"]
[Date "2012.02.14"]
[Round "8"]
[White "Papp,Petra"]
[Black "Baghdasaryan,V"]
[Result "0-1"]
[WhiteElo "2269"]
[BlackElo "2393"]

1.e4 c5 2.Nf3 e6 3.d4 cxd4 4.Nxd4 Nc6 5.Nc3 Qc7 6.g3 a6 7.Bg2 d6 8.O-O Be7
9.Re1 Bd7 10.Nxc6 Bxc6 11.a4 Nf6 12.a5 O-O 13.Be3 Nd7 14.Na4 f5 15.Nb6 Rad8
16.Nxd7 Qxd7 17.exf5 Bxg2 18.Kxg2 Rxf5 19.Qe2 Rc8 20.c3 Qc6+ 21.Kg1 Qc4 22.Bb6 Kf7
23.Rad1 h5 24.Rd3 h4 25.Re3 Qxe2 26.R1xe2 e5 27.Re4 h3 28.g4 Rf4 29.Rxf4+ exf4
30.Rd2 g5 31.Bd4 Rc4 32.b4 d5 33.Kf1 Bf6 34.Bxf6 Kxf6 35.Rxd5 Rxc3 36.Ke2 Rb3
37.Rd6+ Ke5 38.Rb6 Ke4 39.Re6+ Kd4 40.Rd6+ Kc4 41.Rg6 f3+ 42.Kd2 Rd3+ 43.Kc2 Rd5
44.Rf6 Kxb4 45.Rxf3 Rxa5 46.Rb3+ Kc4 47.Rc3+ Kd4 48.Rxh3 Ra2+ 49.Kb3 Rxf2
50.Rh5 b5 51.Rxg5 Rxh2 52.Rg8 a5 53.Rd8+ Kc5 54.Rc8+ Kb6 55.Rb8+ Kc6 56.Rc8+ Kb7
57.Rc5 Rh3+ 58.Kb2 Kb6 59.Rf5 a4 60.g5 Rg3 61.Rf6+ Ka5 62.g6 a3+ 63.Kc2 Ka4
64.Ra6+ Kb4 65.Rf6 Rg2+ 66.Kb1 Kb3 67.Rf3+ Ka4 68.Rf6 b4 69.Re6 Rg1+ 70.Kc2 b3+
71.Kc3 a2 72.Ra6+ Kb5  0-1

[Event "3rd Novy Bor Open"]
[Site "Novy Bor CZE"]
[Date "2012.02.14"]
[Round "4"]
[White "Oresky,J"]
[Black "Kozak,Mi"]
[Result "1-0"]
[WhiteElo "2227"]
[BlackElo "2192"]

1.e4 c5 2.Nf3 e6 3.d4 cxd4 4.Nxd4 Nc6 5.Nc3 d6 6.Be3 Nf6 7.Qd2 Be7 8.f3 a6
9.O-O-O O-O 10.g4 Nd7 11.Kb1 Nde5 12.Be2 b5 13.f4 Nxd4 14.Bxd4 Nc6 15.Be3 Qc7
16.Bf3 Rb8 17.h4 Na5 18.g5 Nc4 19.Qd3 Nxe3 20.Qxe3 b4 21.Ne2 Bd7 22.h5 Rfc8
23.Qd2 a5 24.Nd4 e5 25.Nf5 Ba4 26.b3 Bb5 27.g6 Bf8 28.Rdg1 Qc3 29.gxf7+ Kh8
30.Nh4 h6 31.Ng6+ Kh7 32.Qg2 exf4 33.e5  1-0

[Event "ch-Central Serbia 2012"]
[Site "Pozarevac SRB"]
[Date "2012.02.15"]
[Round "3.9"]
[White "Petrovic,Draga"]
[Black "Rajkovic,Du"]
[Result "0-1"]
[WhiteElo "2210"]
[BlackElo "2422"]

1.e4 c5 2.Nf3 e6 3.d4 cxd4 4.Nxd4 Nc6 5.Nc3 Qc7 6.g3 a6 7.Bg2 Nf6 8.O-O h6
9.Nxc6 bxc6 10.Qe2 a5 11.Re1 Ba6 12.Qf3 e5 13.Bd2 Be7 14.g4 d6 15.Ne2 Nh7
16.Ng3 Ng5 17.Qc3 Ne6 18.Nf5 g6 19.Nxe7 Kxe7 20.Be3 g5 21.Rad1 h5 22.Bf3 Rag8
23.Rd2 c5 24.Red1 Rd8 25.gxh5 Qb6 26.Bg4 Nd4 27.Rxd4 cxd4 28.Rxd4 exd4 29.Bxd4 Qb5
30.h3 Rh6 31.Kh2 Qc4 32.Qd2 f6 33.b3 Qc6 34.Bf3 Bc8 35.c4 a4 36.Qe3 Qd7 37.Bg4 Qe8
38.b4 Kf7 39.Bd1 Qe6 40.Be2 Re8 41.c5 dxc5 42.Bxc5 Qxe4 43.Bb5 Qxe3 44.fxe3 Rxh5  0-1

[Event "Vladimir Petrov Mem A 2012"]
[Site "Jurmala LAT"]
[Date "2012.02.16"]
[Round "1.4"]
[White "Kurnosov,I"]
[Black "Lavendelis,E"]
[Result "1-0"]
[WhiteElo "2648"]
[BlackElo "2347"]

1.e4 c5 2.Nf3 Nc6 3.Nc3 e6 4.d4 cxd4 5.Nxd4 Nf6 6.Ndb5 Bb4 7.a3 Bxc3+ 8.Nxc3 d5
9.exd5 exd5 10.Bd3 O-O 11.O-O d4 12.Ne2 Ng4 13.Bf4 Qf6 14.Bg3 Rd8 15.Nf4 Bf5
16.Re1 Bxd3 17.Nxd3 Re8 18.Qxg4  1-0

[Event "72nd Noteboomturnier Open A"]
[Site "Leiden NED"]
[Date "2012.02.17"]
[Round "1.19"]
[White "Doggers,P"]
[Black "Noordkamp,W"]
[Result "1-0"]
[WhiteElo "2270"]
[BlackElo "2009"]

1.e4 c5 2.Nf3 e6 3.d4 cxd4 4.Nxd4 Nc6 5.Nc3 a6 6.Be2 Qc7 7.O-O Nf6 8.Kh1 Bb4
9.Bg5 Bxc3 10.Bxf6 gxf6 11.bxc3 b5 12.a4 bxa4 13.Rxa4 Bb7 14.Qd2 Qe5 15.f4 Qxe4
16.Bf3 Qg6 17.Rb1 e5 18.Rxb7 exd4 19.cxd4 Qf5 20.Bxc6 dxc6 21.Qb4 Qe6 22.Ra1  1-0

[Event "ch-Central Serbia 2012"]
[Site "Pozarevac SRB"]
[Date "2012.02.17"]
[Round "6.13"]
[White "Stojanovic,Zl"]
[Black "Andrejic,V"]
[Result "1/2-1/2"]
[WhiteElo "2252"]
[BlackElo "2170"]

1.e4 c5 2.Nf3 e6 3.d4 cxd4 4.Nxd4 Nc6 5.Nc3 Qc7 6.Be3 a6 7.Bd3 b5 8.Nb3 Nf6
9.f4 Bb7 10.Qe2 Na5 11.Nxa5 Qxa5 12.Bd2 Qc7 13.a3 Be7 14.e5 Nd5 15.Ne4 O-O
16.O-O f6 17.exf6 Nxf6 18.Nxf6+ Bxf6 19.c3 g6 20.Rae1 Rf7 21.Be4 Bg7 22.Bxb7 Qxb7
23.Qe4 Qxe4 24.Rxe4 Rf5 25.Rd1 Rd5 26.Ree1 Rc8 27.Be3 Rxd1 28.Rxd1 d5 29.Kf2 Rc4
30.Kf3 Kf7  1/2-1/2

[Event "TCh-CAT 2012"]
[Site "Catalunya ESP"]
[Date "2012.02.18"]
[Round "4.6"]
[White "Vehi Bach,V"]
[Black "Fernandez Cazorla,A"]
[Result "1-0"]
[WhiteElo "2358"]
[BlackElo "2260"]

1.e4 c5 2.Nf3 e6 3.d4 cxd4 4.Nxd4 Nc6 5.Nc3 Qc7 6.Be3 a6 7.Qd2 Nf6 8.O-O-O Be7
9.f3 O-O 10.g4 b5 11.g5 Nh5 12.Nce2 Rd8 13.Ng3 Nxd4 14.Bxd4 Nf4 15.h4 Rb8
16.Be3 e5 17.Nf5 Bf8 18.Bxf4 exf4 19.Nd6 Bxd6 20.Qxd6 Qxd6 21.Rxd6 Kf8 22.Bh3 Ke7
23.Rhd1 b4 24.b3 a5 25.Kb2 Rb5 26.a3 bxa3+ 27.Kxa3 Rc5 28.c4 Rc7 29.R6d5 a4
30.Kxa4 Bb7 31.Re5+ Kf8 32.Kb4 Bc6 33.Ra1 Rb7+ 34.Kc3 Rdb8 35.Ra3 d6 36.Rea5 g6
37.Ra7 Rb6 38.R7a6 Kg7 39.Rxb6 Rxb6 40.Ra7 Bb7 41.b4 h6 42.b5 hxg5 43.hxg5  1-0

[Event "72nd Noteboomturnier Open A"]
[Site "Leiden NED"]
[Date "2012.02.18"]
[Round "3.18"]
[White "Glimmerveen,M"]
[Black "Noordkamp,W"]
[Result "1-0"]
[WhiteElo "2101"]
[BlackElo "2009"]

1.e4 c5 2.Nf3 e6 3.d4 cxd4 4.Nxd4 Nc6 5.Nc3 a6 6.Be3 Qc7 7.Qd2 Nf6 8.f3 Be7
9.g4 d6 10.O-O-O Ne5 11.Qe2 b5 12.g5 Nfd7 13.Kb1 Nb6 14.Qg2 Nec4 15.Bc1 b4
16.Nce2 a5 17.Ng3 Bd7 18.Nh5 Rg8 19.f4 Rc8 20.Bd3 Na4 21.Nb3 Nab6 22.Qe2 a4
23.Nd4 Qc5 24.Nf3 d5 25.Ng3 Bc6 26.Rhe1 Rb8 27.f5 b3 28.fxe6 bxa2+ 29.Ka1 fxe6
30.exd5 Bxd5 31.Be4 a3 32.b3 Nd6 33.Bxd5 Qc3+ 34.Kxa2 Nxd5 35.Rxd5 Rc8 36.Rd2 Nc4
37.Qxe6 Qb4 38.Qxg8+  1-0

[Event "ch-POL w 2012"]
[Site "Warsaw POL"]
[Date "2012.02.18"]
[Round "1"]
[White "Iwanow,A"]
[Black "Majdan,J"]
[Result "0-1"]
[WhiteElo "2180"]
[BlackElo "2387"]

1.e4 c5 2.Nf3 e6 3.d4 cxd4 4.Nxd4 Nc6 5.Nc3 Qc7 6.Be3 a6 7.Qd2 Nf6 8.f3 Bb4
9.O-O-O Ne7 10.Nde2 b5 11.Kb1 Ba5 12.Qd6 Qxd6 13.Rxd6 Bc7 14.Bc5 Bxd6 15.Bxd6 Bb7
16.a4 Nc8 17.Ba3 bxa4 18.Nxa4 Bc6 19.Nc5 d6 20.Nd4 dxc5 21.Nxc6 Nd7 22.Be2 Nd6
23.c4 Nb7 24.b4 cxb4 25.Nxb4 O-O 26.Nc6 Ndc5 27.Kc2 f6 28.Rb1 Rf7 29.g3 Rc7
30.Nd4 Kf7 31.Bf1 Rd8 32.Nb3 Nd7 33.f4 Rdc8 34.Kc3 Nb6 35.Nd2 Na4+ 36.Kc2 Nac5
37.Rb6 Rd8 38.Bh3 g6 39.Bg4 h5 40.Be2 Rcd7 41.Nf3 Nxe4 42.Rxa6 Nbc5 43.Bxc5 Nxc5
44.Rc6 Nd3 45.Rb6 Ne1+ 46.Kc1 Nxf3 47.Bxf3 Rd3 48.Be4 R3d4 49.Rb7+ R8d7 50.Rxd7+ Rxd7
51.Kc2 f5 52.Bf3 e5 53.fxe5 Ke6 54.c5 Kxe5 55.c6 Ra7 56.Kb3 Kd6 57.Kc4 Ra2
58.Kb5 Rxh2  0-1

[Event "50th TCh-DEN XtraCon 2011-12"]
[Site "Denmark DEN"]
[Date "2012.02.19"]
[Round "7.1"]
[White "Sorensen,Jan1"]
[Black "Rasmussen,A"]
[Result "1/2-1/2"]
[WhiteElo "2426"]
[BlackElo "2541"]

1.e4 c5 2.Nf3 e6 3.d4 cxd4 4.Nxd4 Nc6 5.Nc3 Qc7 6.Be2 a6 7.Be3 Nf6 8.a3 Be7
9.f4 d6 10.g4 Nxd4 11.Qxd4 e5 12.Qd1 exf4 13.Bxf4 h6 14.Qd4 Qc5 15.Qxc5 dxc5
16.e5 Nxg4 17.Nd5 Bh4+ 18.Kd2 Bd8 19.Rhg1 Be6 20.c4 g5 21.Bxg4 gxf4 22.Bf3 Rb8
23.b4 Rc8 24.Kd3 Bf5+ 25.Be4 Bxe4+ 26.Kxe4 cxb4 27.axb4 Rxc4+ 28.Kf5 f3 29.Raf1 Rd4
30.Nf6+ Bxf6 31.Kxf6 Kf8 32.Rxf3 Rxb4 33.Rc1 Rb6+ 34.Kf5 Kg7 35.Rg3+ Kh7
36.Rc7 Rf8 37.Rd3 Kg7 38.Rdd7 Rb1 39.e6 Rf1+ 40.Kg4 Re1 41.Rxf7+ Rxf7 42.Rxf7+ Kg6
43.Rxb7 Rxe6 44.Ra7 Re4+ 45.Kg3 Ra4 46.Ra8 Kh5 47.Rc8 Rg4+ 48.Kh3 Rg5 49.Ra8 a5
50.Ra6 Rb5 51.Kg3 Kg5 52.h4+ Kh5 53.Kg2 Rb2+ 54.Kg3 Rb3+ 55.Kg2 Ra3 56.Kf2 Ra1
57.Kg3 Ra3+ 58.Kf2 a4 59.Kg2 Ra1 60.Kg3 Rg1+ 61.Kh3 Rh1+ 62.Kg3 Rg1+ 63.Kh3 Ra1
64.Ra5+ Kg6 65.Ra6+ Kf5 66.Rxh6 Ra3+ 67.Kg2 Kg4 68.h5 Ra2+ 69.Kg1 a3 70.Rg6+ Kxh5
71.Rg3 Kh4 72.Rb3 Kg4 73.Rc3 Kf4 74.Rh3 Ra1+ 75.Kh2 Ra2+ 76.Kh1 Ke4 77.Rg3 Ra1+
78.Kh2 Kd4 79.Rg4+ Ke3 80.Rg3+ Kf4 81.Rb3 Kg4 82.Rg3+ Kf4  1/2-1/2

[Event "50th TCh-DEN XtraCon 2011-12"]
[Site "Denmark DEN"]
[Date "2012.02.19"]
[Round "7.4"]
[White "Skovgaard,Pe2"]
[Black "Schmidt,Kr"]
[Result "1-0"]
[WhiteElo "2305"]
[BlackElo "2303"]

1.e4 c5 2.Nf3 Nc6 3.Nc3 e6 4.d4 cxd4 5.Nxd4 Nf6 6.Nxc6 bxc6 7.e5 Nd5 8.Ne4 Qc7
9.f4 Qb6 10.c4 Bb4+ 11.Ke2 Ba6 12.Kf3 f5 13.exf6 Nxf6 14.Be3 Qa5 15.Nxf6+ gxf6
16.a3 Be7 17.Kf2 h5 18.b4 Qf5 19.Bd3 Qg4 20.h3 Qg7 21.f5 e5 22.Be2 h4 23.Bh5+ Kd8
24.Bg6 Bxc4 25.Rc1 Qg8 26.Qa4 Qd5 27.Rhd1 Qb5 28.Qc2 Bd5 29.a4 Qb7 30.b5 Rc8
31.Qd2 Ba3 32.Rb1 Be4 33.Rb3 cxb5 34.Qa5+ Ke7 35.Rxa3 Rc2+ 36.Rd2 Rxd2+ 37.Qxd2 Rc8
38.Qb4+ d6 39.axb5 Qc7 40.Rxa7 Bb7 41.Kg1 Qd8  1-0

[Event "Caissa GM Feb 2012"]
[Site "Kecskemet HUN"]
[Date "2012.02.19"]
[Round "2.3"]
[White "Antal,T"]
[Black "Berend,F"]
[Result "0-1"]
[WhiteElo "2352"]
[BlackElo "2370"]

1.e4 c5 2.Nf3 e6 3.d4 cxd4 4.Nxd4 Nc6 5.Nc3 a6 6.Nxc6 bxc6 7.Bd3 d5 8.O-O Nf6
9.Re1 Be7 10.e5 Nd7 11.Qg4 g6 12.b3 O-O 13.Na4 c5 14.c4 d4 15.Be4 Rb8 16.Qg3 Bb7
17.Bxb7 Rxb7 18.Bh6 Re8 19.Rad1 Bf8 20.Bxf8 Kxf8 21.Rd3 Qa5 22.f4 Kg7 23.Qh4 Qd8
24.Qg4 Rc7 25.h4 h5 26.Qg5 Nb8 27.Rg3 Qxg5 28.hxg5 Rd8 29.Rd1 Rh8 30.Kf2 Kf8
31.Rh3 Rg8 32.Kf3 Ke7 33.Nb2 a5 34.g4 hxg4+ 35.Kxg4 Na6 36.a3 Rb7 37.Rdd3 Kd7
38.Nd1 Kc6 39.Nf2 Rd7 40.Ne4 Rb8 41.Nd6 Nc7 42.Rh2 Ne8 43.Nb5 Ng7 44.Kf3 Nf5
45.Rh7 a4 46.b4 cxb4 47.axb4 Rxb5 48.cxb5+ Kxb5 49.Rh8 Ra7 50.Rb8+ Kc4 51.Ra3 d3
52.Rd8 Nd4+ 53.Ke4 Nb5 54.Raxd3 a3 55.Rc8+ Kxb4 56.Rc1 a2 57.Ra1 Ra3 58.Rd2 Nc3+
59.Kd4 Kb3 60.Kd3 Nd5 61.Ke2 Ra4 62.Ke1 Nxf4 63.Kd1 Nd5 64.Rf2 Nc3+ 65.Kc1 Rg4
66.Rb2+ Kc4 67.Rc2 Rg1+ 68.Kb2 Rb1+  0-1

[Event "TCh-HUN 2011-12"]
[Site "Kecskemet HUN"]
[Date "2012.02.19"]
[Round "6"]
[White "Nestorovic,L"]
[Black "Horvath,Ad1"]
[Result "1-0"]
[WhiteElo "2397"]
[BlackElo "2473"]

1.e4 c5 2.Nf3 e6 3.d4 cxd4 4.Nxd4 Nc6 5.Nc3 Qc7 6.Be3 a6 7.Qd2 Nf6 8.O-O-O Be7
9.f3 h5 10.Kb1 d6 11.Bd3 Ne5 12.h3 h4 13.Bg5 b5 14.f4 Ned7 15.Rhe1 Bb7 16.e5 dxe5
17.fxe5 b4 18.exf6 gxf6 19.Rxe6 bxc3 20.Qe2 O-O-O 21.Rxe7 fxg5 22.Bxa6  1-0

[Event "Caissa GM Feb 2012"]
[Site "Kecskemet HUN"]
[Date "2012.02.23"]
[Round "6.4"]
[White "Groszpeter,A"]
[Black "Kislik,E"]
[Result "1/2-1/2"]
[WhiteElo "2490"]
[BlackElo "2380"]

1.e4 c5 2.Nf3 e6 3.d4 cxd4 4.Nxd4 Nc6 5.Nc3 Qc7 6.Be3 a6 7.f4 Bb4 8.Qg4 g6
9.Bd3 d5 10.exd5 Nf6 11.Qf3 Nxd5 12.Nxc6 Bxc3+ 13.bxc3 Nxe3 14.Qxe3 Qxc6
15.O-O O-O 16.Be4 Qc7 17.Rab1 Rb8 18.Qb6 Qxb6+ 19.Rxb6 Bd7 20.Bxb7 Bc8 21.Rfb1 Bxb7
22.Rxb7 Rbc8 23.R1b3 Rfd8 24.h3 Rd2 25.Ra7 Rxc2 26.Rbb7 Rf8 27.a3 h5 28.h4 Rxc3
29.Rxa6 Rc4 30.Rb4 Rc1+ 31.Kh2 Rd8 32.Ra7 Rf1 33.Rc7 Rdd1 34.Rc3 Rh1+ 35.Kg3 Rd2
36.Rb7 Rg1 37.Rc8+ Kg7 38.Rcc7 Rdxg2+ 39.Kf3 Rg3+ 40.Kf2 R1g2+ 41.Kf1  1/2-1/2

[Event "16th Metropolitan IM"]
[Site "Los Angeles USA"]
[Date "2012.02.23"]
[Round "3"]
[White "Bodek,Michael H"]
[Black "Wang,Ph"]
[Result "1/2-1/2"]
[WhiteElo "2232"]
[BlackElo "2372"]

1.e4 c5 2.Nf3 Nc6 3.Nc3 e6 4.d4 cxd4 5.Nxd4 Qc7 6.g3 a6 7.Bg2 Nf6 8.O-O Nxd4
9.Qxd4 Bc5 10.Bf4 d6 11.Qd3 Nd7 12.Na4 e5 13.Bd2 Bd4 14.Nc3 Nf6 15.Ne2 Bc5
16.Bg5 Ng4 17.Nc3 Be6 18.Bf3 h6 19.Bxg4 hxg5 20.Nd5 Bxd5 21.Qxd5 Qc6 22.Qd3 g6
23.Rae1 Kf8 24.Qd2 f6 25.Re2 Kg7 26.Rd1 Rad8 27.c3 Qc7 28.Kh1 Qe7 29.Qd5 Rhf8
30.Qe6 Qxe6 31.Bxe6 f5 32.b4 Ba7 33.Bd5 Rd7 34.f3 Kf6 35.Rd3 Rc8 36.Red2 Ke7
37.a4 Rdc7 38.a5 Rxc3 39.Rxc3 Rxc3 40.exf5 gxf5 41.Bxb7 Rb3 42.Bxa6 Rxb4
43.Bc8 e4 44.fxe4 fxe4 45.Kg2 Rb1 46.Bf5 Rg1+ 47.Kh3 e3 48.Rc2 Ra1 49.Kg4 Kf6
50.Bd3 Rxa5 51.Kf3 Ke5 52.h4 gxh4 53.gxh4 d5 54.h5 Bd4 55.h6 Ra8 56.Rh2 Ra3
57.h7 Ke6 58.Rh4 Bf6  1/2-1/2

[Event "ch-POL 2012"]
[Site "Warsaw POL"]
[Date "2012.02.23"]
[Round "6"]
[White "Kolosowski,M"]
[Black "Hnydiuk,A"]
[Result "0-1"]
[WhiteElo "2439"]
[BlackElo "2409"]

1.e4 c5 2.Nf3 e6 3.d4 cxd4 4.Nxd4 Nc6 5.Nc3 a6 6.Be3 Nf6 7.Bd3 Qc7 8.O-O b5
9.Kh1 Bb7 10.Nb3 Ne5 11.f4 Nc4 12.Bd4 d6 13.Bxf6 gxf6 14.Qh5 Nxb2 15.Ne2 d5
16.Ng3 O-O-O 17.exd5 Rxd5 18.Qh4 Nxd3 19.cxd3 Qd8 20.f5 Rxd3 21.fxe6 fxe6
22.Na5 f5 23.Nxf5 Qxh4 24.Nxh4 Bd5 25.Rac1+ Kd7 26.Rf7+ Be7 27.Nf3 Kd6 28.Nb3 e5
29.Rg7 Rg8 30.Rxg8 Bxg8 31.Nc5 Ra3 32.Nb7+ Ke6 33.Rc6+ Kd5 34.Rc7 Bb4 35.Rd7+ Ke4
36.Rg7 Bd5 37.Rxh7 Bxb7 38.Rxb7 Rxa2 39.h4 Bd6 40.h5 Kf5 41.Rd7 Ra1+ 42.Kh2 Rd1
43.Kh3 Rh1+ 44.Nh2 Ke6 45.Rd8 e4 46.g3 e3 47.h6 e2 48.h7 e1=Q 49.Re8+ Be7
50.Rxe7+ Kxe7 51.h8=Q Qe6+ 52.Kg2 Qe4+  0-1